भारत में साम्प्रदायिकता / (Record no. 119553)

MARC details
000 -LEADER
fixed length control field 01193nam a22002537a 4500
005 - DATE AND TIME OF LATEST TRANSACTION
control field 20170124103142.0
010 ## - LIBRARY OF CONGRESS CONTROL NUMBER
LC control number A-588199
020 ## - INTERNATIONAL STANDARD BOOK NUMBER
Terms of availability 00.00
035 ## - SYSTEM CONTROL NUMBER
System control number A-588199
037 ## - SOURCE OF ACQUISITION
Source of stock number/acquisition Cen Lib/Ret
040 ## - CATALOGING SOURCE
Original cataloging agency DPL
Language of cataloging HN
082 ## - DEWEY DECIMAL CLASSIFICATION NUMBER
Classification number 305
Item number चौधरी
100 ## - MAIN ENTRY--PERSONAL NAME
Personal name चौधरी, विश्वमित्र प्रसाद
9 (RLIN) 85543
245 ## - TITLE STATEMENT
Title भारत में साम्प्रदायिकता /
Statement of responsibility, etc विश्वमित्र प्रसाद चौधरी
246 ## - VARYING FORM OF TITLE
Title proper/short title Bharat me sampradayikta /
Remainder of title by Vishvmitr Prasad Chaudhari
260 ## - PUBLICATION, DISTRIBUTION, ETC. (IMPRINT)
Name of publisher, distributor, etc के.एल.राजपाल
Date of publication, distribution, etc 1991
Place of publication, distribution, etc दिल्ली
270 ## - ADDRESS
Address 114, सूर्य निकेतन, आनन्द विहार
City दिल्ली
Postal code 110092
300 ## - PHYSICAL DESCRIPTION
Extent ii,196पृ.
Dimensions 20सेमी(सजिल्द)
650 ## - SUBJECT ADDED ENTRY--TOPICAL TERM
Topical term or geographic name as entry element सांप्रदायिक समस्या -- महात्मा गांधी
9 (RLIN) 85544
650 ## - SUBJECT ADDED ENTRY--TOPICAL TERM
Topical term or geographic name as entry element सांप्रदायिक समस्याएँ
9 (RLIN) 6644
650 ## - SUBJECT ADDED ENTRY--TOPICAL TERM
Topical term or geographic name as entry element Communal problem - Mahatma Gandhi
9 (RLIN) 85545
650 ## - SUBJECT ADDED ENTRY--TOPICAL TERM
Topical term or geographic name as entry element Communal Problems
9 (RLIN) 85546
942 ## - ADDED ENTRY ELEMENTS (KOHA)
Source of classification or shelving scheme Dewey Decimal Classification
Koha item type Hindi Books
Classification part 305
Call number suffix चौधरी
Holdings
Withdrawn status Lost status Damaged status Not for loan Home library Current library Date acquired Source of acquisition Cost, normal purchase price Total Checkouts Full call number Barcode Date last seen Copy number Cost, replacement price Price effective from Koha item type
        Central Library Central Library 17/09/2015 Cen Lib/Ret 0.00   305 चौधरी A-588199 17/09/2015 1 0.00 17/09/2015 Hindi Books

© Delhi Public Library
Hit Counter
free hit counter